Statistiques concernant Mot mystérieux - Série 07

Cliquez ici pour prendre le quiz!

Statistiques générales

  • Ce quiz a été pris 102 fois
  • Le résultat moyen est 6 sur 10

Statistiques - réponses

IndicesMot% Correct
Plan - Jeu - Cheval - NavaleBataille
96%
Tire - Hirondelle - Plané - AvionVol
80%
Coup - Balai - Cheveux - DentsBrosse
70%
Travail - Repasser - Langer - MultiplicationTable
70%
Faiblesse- Confiance - Autorité - PouvoirAbus
59%
Mariage - Age - Perdre - TortRaison
53%
Calme - Pays - Manivelle - EnvoyeurRetour
49%
Petit - Compter - Mordre - MontrerDoigt
42%
Série - Marché - Pain - SavonNoir
32%
Train - Chien - Eau - NiveauVie
19%

Distribution des résultats

Percentile par nombre de réponses

% des personnes avec chaque résultat

Votre développement - résultats

Vous n’avez pas pris ce quiz